| 000 | 00756nam a2200205 a 4500 | ||
|---|---|---|---|
| 001 | 54205 | ||
| 003 | BD-RjUL | ||
| 005 | 20211209080103.0 | ||
| 008 | 181129b ||||| |||| 00| 0 b d | ||
| 035 | _a(BD-RjUL)54327 | ||
| 040 |
_beng _aBD-RjUL _cBD-RjUL |
||
| 041 | _aben | ||
| 082 |
_223 _a954.92 _bBAE 2013 |
||
| 100 | 1 |
_aবারী, মাহফুজুল _9113606 |
|
| 245 |
_aএক অভিযুক্তের দৃষ্টিতে আগরতলা মামলা / _cমাহফুজুল বারী |
||
| 260 |
_aঢাকা : _bসুবর্ণ, _c২০১৩ |
||
| 300 |
_a১৪৪ পৃ. : _bচিত্র. ; _c২৩ সেমি. |
||
| 650 |
_aইতিহাস _zবাংলাদেশ _9225406 |
||
| 942 |
_2ddc _cBK |
||
| 999 |
_c54205 _d54205 |
||